| 000 | 00587nam a22001937a 4500 | ||
|---|---|---|---|
| 003 | LK-CoMWRAF | ||
| 005 | 20231017135250.0 | ||
| 008 | 231017b |||||||| |||| 00| 0 eng d | ||
| 020 | _a9559072021 | ||
| 040 |
_aLK-CoMWRAF _dLK-CoMWRAF _eLK-CoMWRAF |
||
| 041 | _aeng | ||
| 082 |
_a420 _bSAM |
||
| 100 | _aSamaranayake, W. H. | ||
| 245 |
_aEnglish with a smile : _bBook three for grades 8, 9 and G. C. E. (O/L) |
||
| 260 |
_aColombo : _bSamaranayake publishers, _c1957 |
||
| 300 | _a[ix], 216p.,xiii, ;21cm | ||
| 650 | _aPractical English--Grade 8, 9, and G. C. E. (O/L) | ||
| 942 | _cBK | ||
| 999 |
_c3913 _d3913 |
||